000 00628nam a2200217 a 4500
001 BRCA_2550
005 20190320203847.0
008 261108s1907----gw-a---###---#000-0#ger-u
050 4 _aNK4370
_b.B78 1907
100 1 _aBruning, Adolf
_97299
245 1 0 _aPorzellan
_cvon Adolf BrĂ¼ning.
260 _aBerlin
_bG. Reimer
_c1907
300 _a230 p.
_bil.
_c19 cm.
500 _aA la cabeza de la portada: Kunstgewerbemuseum.
500 _aA32
650 1 4 _aGalerias y Museos
_zAlemania
_95059
650 1 4 _aPorcelana
_xHistoria
_91464
650 1 4 _aBerlin. K. Museen Kunstgewerbemuseum
_97300
902 _aGFM
942 _2lcc
_cB
999 _c2290
_d2290